Представление документа в формате RUSMARC

ПолеНазваниеЗначение
  Тип записи a
  Библиографический уровень m
001 Контрольный номер 02b6ce988a2c40e8b9b815dfc15590c0
005 Дата корректировки 20140604140515.0
010 Индекс ISBN __
a ISBN 5-86476-227-Х
101 Язык документа 0_
a Язык текста rus
102 Страна публикации __
a Страна публикации RU
200 Заглавие и сведения об ответственности 1_
a Заглавие Безопасность экономического пространства хозяйствующего субъекта
e Сведения, относящиеся к заглавию монография
f Первые сведения об ответственности И. Н. Петренко
210 Выходные данные 1_
c Издательство Анкил
a Место издания М.
d Дата издания 2005
215 Физическое описание __
a Объем 277,[3] с.
610 Ключевые слова 0_
a Ключевые слова экономическая безопасность
610 Ключевые слова 0_
a Ключевые слова экономическое пространство
610 Ключевые слова 0_
a Ключевые слова риски
610 Ключевые слова 0_
a Ключевые слова глобализация
610 Ключевые слова 0_
a Ключевые слова Россия
610 Ключевые слова 0_
a Ключевые слова регионы России
610 Ключевые слова 0_
a Ключевые слова фирма
610 Ключевые слова 0_
a Ключевые слова бегство капитала
610 Ключевые слова 0_
a Ключевые слова движение капитала
686 Индексы других классификаций __
a Классификационный индекс 65.9(2)-98
2 Код системы rubbk
700 Автор _1
a Фамилия Петренко
b Имя И. Н.
g Полное личное имя Игорь Николаевич
801 Источник записи _0
a Страна RU
b Организация РУК
c Дата составления 20060119
g Правила каталогизации PSBO
801 Источник записи _1
a Страна RU
b Организация РУК
c Дата составления 20060119
g Правила каталогизации PSBO
852 Данные о местонахождении __
i Авторский знак П 30
j Шифр хранения ББК 65.9(2)
901 Тип документа __
t Тип документа m
938 Служебная информация __
a Название организации Головной вуз
b Имя БД BOOK
c Название АИБС АИБС ИРБИС